UK Two Word Placenames - Click Quiz - Statistics

General Stats
  • This quiz has been taken 102 times
  • The average score is 12 of 15
Answer Stats
Hint Answer % Correct
Milton Keynes
94%
Hemel Hempstead
92%
Gretna Green
87%
Saint Davids
86%
Merthyr Tydfil
86%
Great Yarmouth
86%
South Shields
85%
Bognor Regis
83%
Colwyn Bay
82%
Fort William
82%
Westward Ho!
79%
Newton Abbot
76%
Barnard Castle
71%
Cleobury Mortimer
60%
Blandford Forum
52%
No matching quizzes found
Score Distribution
Percent of People with Each Score
Percentile by Number Answered
Your Score History
You have not taken this quiz